|
|
|
|
| LEADER |
00000nab a2200000 a 4500 |
| 001 |
vtls009189465 |
| 003 |
SK-MaSNL |
| 005 |
20260304152740.0 |
| 008 |
250506c2008 xo |||||||||||000 b|slo |
| 015 |
|
|
|a SNBRB2008/03
|2 snkbucl
|
| 035 |
|
|
|a (uuid)9999c549-d7b3-4f72-a55b-f5c8df8ae29c
|
| 035 |
|
|
|a urn:nbn:sk:snk-abetc5
|
| 035 |
|
|
|a (urnnbn)urn:nbn:sk:snk:ar-0075qz
|
| 038 |
|
|
|a SNKBUCL
|
| 040 |
|
|
|a SNKBUCL
|b slo
|c SNKBUCL
|e AACR2
|
| 041 |
0 |
|
|a slo
|
| 044 |
|
|
|a xo
|c SK
|
| 080 |
|
|
|a 639.113
|2 1997
|
| 100 |
1 |
|
|a Ferenec, Jozef,
|d 1957-
|4 aut
|9 252953
|
| 245 |
1 |
0 |
|a Malí veľkí lovci
|c Jozef Ferenec
|
| 300 |
|
|
|b Fotogr.
|
| 650 |
0 |
7 |
|a kuna skalná
|2 snkbucl
|9 220998
|
| 650 |
0 |
7 |
|a kuna lesná
|2 snkbucl
|9 220997
|
| 773 |
0 |
|
|t Poľovníctvo a rybárstvo
|g Roč. 60, č. 1 (2008), s. 48-49
|x 0231-8768
|
| 850 |
|
|
|a Slovenská národná knižnica
|
| 852 |
|
|
|a Slovenská národná knižnica
|
| 954 |
|
|
|a odborná, vedecká literatúra pôvodná (slovenská)
|2 lita
|
| 958 |
|
|
|a article27
|
| 958 |
|
|
|a OND
|
| 958 |
|
|
|a EUIPO
|
| 999 |
|
|
|c 2950821
|d 2952751
|